|
|
|
|
| LEADER |
00000nam a2200000 a 4500 |
| 001 |
vtls001412032 |
| 003 |
SK-MaSNL |
| 005 |
20260302035105.0 |
| 008 |
251113s1999 DE a r 0 eng |
| 020 |
|
|
|a 3447041560
|c [3056,00]
|
| 035 |
|
|
|a SNK000366741
|
| 040 |
|
|
|a SNK
|b slo
|c SNK
|e AACR2
|
| 044 |
|
|
|a DE
|
| 080 |
|
|
|a 80(430)(091)=30
|2 1981
|
| 080 |
|
|
|a 943.9
|2 1981
|
| 080 |
|
|
|a 911.3
|2 1981
|
| 245 |
1 |
4 |
|a The language of Adam
|b [proceedings of conference held at Herzog August Bibliothek, Wolfenbütel, May 30-31, 1995]
|c edited by Allison P. Coudert
|
| 260 |
|
|
|a Wiesbaden
|b Harrassowitz
|c 1999
|
| 300 |
|
|
|a 304 s.
|c 25 cm
|
| 490 |
1 |
|
|a Wolfenbütteler Forschungen
|v Bd. 84
|
| 500 |
|
|
|a Súbež. názov a čiast. text nem.
|
| 650 |
0 |
7 |
|a dejiny lingvistiky
|x monografie
|z Nemecko
|2 SNK
|9 65946
|
| 651 |
|
7 |
|a Nemecko
|x jazyky
|x dejiny
|x monografie
|x jazykoveda
|2 SNK
|9 687503
|
| 700 |
1 |
|
|a Coudert, Allison P.
|4 upr
|9 687504
|
| 830 |
|
0 |
|a Wolfenbütteler Forschungen
|9 423888
|
| 919 |
|
|
|a 3-447-04156-0
|
| 999 |
|
|
|c 1069197
|d 1071127
|
| 952 |
|
|
|t P60, <04>, [BOOK], {604}
|a SNK
|b SNK
|y VYP
|7 0
|p 17A0298542
|o snkIC 129389
|i snkV 628/2001
|0 0
|1 0
|4 0
|d 2001-04-30
|l 0
|r 2005-01-02 00:00:00
|w 2026-02-24
|